Atención integral del niño quemado / (Record no. 23027)

000 -CABECERA
fixed length control field 01085nam a22002537a 4500
003 - IDENTIFICADOR DEL NÚMERO DE CONTROL
control field AR-CdUCM
008 - DATOS DE LONGITUD FIJA--INFORMACIÓN GENERAL
fixed length control field 240909b20122012 pe||||| |||| 00| 0 spa d
020 ## - NÚMERO INTERNACIONAL ESTÁNDAR DEL LIBRO
ISBN 978-612-302-855-8
040 ## - FUENTE DE LA CATALOGACIÓN
Agencia/entidad que catalogó originalmente la obra MUNICIPALIDAD PROVINCIAL DEL CUSCO
Entidad que transcribió la catalogación BIBLIOTECA MUNICIPAL DEL CUSCO
082 ## - NÚMERO DE LA CLASIFICACIÓN DECIMAL DEWEY
No. de la edición Primera edición
No. de Clasificación 617.110083 / C17
Notacion interna C17
100 ## - ENTRADA PRINCIPAL--NOMBRE DE PERSONA
Nombre Personal Calixto Arredondo, Edith
245 ## - MENCIÓN DE TÍTULO
Título Atención integral del niño quemado /
260 ## - PUBLICACIÓN, DISTRIBUCIÓN, ETC.
Lugar de publicación, distribución, etc. Lima :
Nombre de la editorial, distribuidor, etc. Editorial San Marcos
Fecha de publicación, distribución, etc. 2012
300 ## - DESCRIPCIÓN FÍSICA
Nº de Páginas Extensión 208 páginas. :
Dimensiones 24.5 cm.
500 ## - NOTA GENERAL
Bibliografía Bibliografía: página 207
505 ## - NOTA DE CONTENIDO CON FORMATO
Nota de contenido formateada Anatomía fisiología de la piel -- Clasificación de quemaduras -- Proceso de atención de enfermería en quemados -- Cuidados de enfermería -- Métodos de curaciones de lesiones por quemaduras -- Nutrición en quemados -- Rehabilitación -- Prevención de quemaduras en niños
650 ## - PUNTO DE ACCESO ADICIONAL DE MATERIA--TÉRMINO DE MATERIA
Descriptor Fisiología de la piel
9 (RLIN) 50321
650 ## - PUNTO DE ACCESO ADICIONAL DE MATERIA--TÉRMINO DE MATERIA
Descriptor Plan de alta
9 (RLIN) 50322
650 ## - PUNTO DE ACCESO ADICIONAL DE MATERIA--TÉRMINO DE MATERIA
Descriptor Cirugía de quemaduras
9 (RLIN) 50323
650 ## - PUNTO DE ACCESO ADICIONAL DE MATERIA--TÉRMINO DE MATERIA
Descriptor Escarectomia
9 (RLIN) 50324
942 ## - ELEMENTOS DE PUNTO DE ACCESO ADICIONAL (KOHA)
Fuente de clasificación
Tipo de item Libros-BMC
945 ## - PROCESAMIENTO DE INFORMACIÓN LOCAL (OCLC)
Catalogador pbj
AAAA-MM-DD - Fecha de ingreso o modificacion 2024-09-09
Holdings
Estado de retiro (separado) Fuente de clasificación o esquema de estanterías Estado dañado Ubicación Sala donde se ubica Nombre de la colección Fecha de adquisición o compra Fuente de adquisición Costo, precio normal en soles Signatura topográfica Código de Barras Última vez visto (Koha) Tipo de ítem (Koha)
No     Sala Ciencias Sala Ciencias Book Cart 2024-09-09 Donación 10.00 617.110083 / C17 SC0000002386 2024-09-09 Libros-BMC

Powered by Koha